00920 2200289 4500001002100000001002100021005001500042020002200057035002400079040001200103082001800115084002000133090001400153090002000167245004100187245016500228250001000393260003000403260004400433300004600477500001100523504003100534650002200565700001600587850001200603990001500615YOGYA000000000001199YOGYA00000000000119920140822090324 a978-979-463-679-6 0010-081400000001239 aYOPDYOG 2[22]a726.143 aCoE 726.143 Mem a574.5 Dia aCoE 726.143 Mem adialog : antara teolog dan teknologi aMEMUJI Prambananb: Bunga rampai para cendekiawan Belanda tentang kompleks percandian Loro Jonggrangc/ editor, Roy Jordaan ; alih bahasa, Yosef Maria Florisan. aEd.1. aYogyakartabLibertyc1994 aJakartab: Yayasan Obor Indonesiac2009 axviii, 337 hlm. : ilus.c; 24 cm (3 eks.) aIndeks aBibliografi : hlm. 314-331 aPrambanan (Candi) aRoy Jordaan aYOPDYOG a89342-p/97